header

Psychology of gambling (Record no. 13984)

MARC details
000 -LEADER
fixed length control field 01317nam a2200337 a 4500
082 04 - DEWEY DECIMAL CLASSIFICATION NUMBER
Classification number 616.85/841
245 00 - TITLE STATEMENT
Title Psychology of gambling
260 ## - PUBLICATION, DISTRIBUTION, ETC. (IMPRINT)
Place of publication Hauppauge, N.Y. :
Name of publisher Nova Science Publishers,
Year of publication 2012.
300 ## - PHYSICAL DESCRIPTION
Number of Pages viii, 210 p. :
Other physical details ill.
490 1# - SERIES STATEMENT
Series statement Psychology research progress
650 #0 - SUBJECT ADDED ENTRY--TOPICAL TERM
Topical Term Gambling
Topical Term Compulsive gambling.
700 1# - ADDED ENTRY--PERSONAL NAME
Personal name Cavanna, Andrea E.
856 40 - ELECTRONIC LOCATION AND ACCESS
Uniform Resource Identifier http://site.ebrary.com/lib/rucke/Doc?id=10683371

No items available.

© 2026 Rongo University
Contact us: librarian | system librarian | Rongo university